<?xml version="1.0" encoding="UTF-8"?>
<record
    xmlns:xsi="http://www.w3.org/2001/XMLSchema-instance"
    xsi:schemaLocation="http://www.loc.gov/MARC21/slim http://www.loc.gov/standards/marcxml/schema/MARC21slim.xsd"
    xmlns="http://www.loc.gov/MARC21/slim">

  <leader>00758nam a2200193Ia 4500</leader>
  <controlfield tag="003">OSt</controlfield>
  <controlfield tag="005">20250131143920.0</controlfield>
  <controlfield tag="008">210210b2005   xxu||||| |||| 00| 0 eng d</controlfield>
  <datafield tag="040" ind1=" " ind2=" ">
    <subfield code="c">AL</subfield>
  </datafield>
  <datafield tag="041" ind1=" " ind2=" ">
    <subfield code="a">Kannada</subfield>
  </datafield>
  <datafield tag="082" ind1=" " ind2=" ">
    <subfield code="a">919.404K TRID</subfield>
  </datafield>
  <datafield tag="100" ind1=" " ind2=" ">
    <subfield code="a">TRIVENI SHIVAKUMAR</subfield>
    <subfield code="d">&#xCA4;&#xCCD;&#xCB0;&#xCBF;&#xCB5;&#xCC7;&#xCA3;&#xCBF; &#xCB6;&#xCBF;&#xCB5;&#xC95;&#xCC1;&#xCAE;&#xCBE;&#xCB0;&#xCCD;</subfield>
    <subfield code="9">196720</subfield>
  </datafield>
  <datafield tag="245" ind1=" " ind2=" ">
    <subfield code="a">Divya maunada deshagalalli: Australia mattu  New Zealand deshagala pravvsa kathana</subfield>
    <subfield code="b">&#xCA6;&#xCBF;&#xCB5;&#xCCD;&#xCAF; &#xCAE;&#xCCC;&#xCA8;&#xCA6; &#xCA6;&#xCC7;&#xCB6;&#xC97;&#xCB3;&#xCB2;&#xCCD;&#xCB2;&#xCBF;: &#xC86;&#xCB8;&#xCCD;&#xC9F;&#xCCD;&#xCB0;&#xCC7;&#xCB2;&#xCBF;&#xCAF;&#xCBE; &#xCAE;&#xCA4;&#xCCD;&#xCA4;&#xCC1;  &#xCA8;&#xCCD;&#xCAF;&#xCC2;&#xC9C;&#xCBF;&#xCB2;&#xCCD;&#xCAF;&#xCBE;&#xC82;&#xCA1;&#xCCD;  &#xCA6;&#xCC7;&#xCB6;&#xC97;&#xCB3; &#xCAA;&#xCCD;&#xCB0;&#xCB5;&#xCBE;&#xCB8; &#xC95;&#xCA5;&#xCA8; </subfield>
  </datafield>
  <datafield tag="260" ind1=" " ind2=" ">
    <subfield code="a">BengaLuru</subfield>
    <subfield code="b">-</subfield>
    <subfield code="c">2005</subfield>
  </datafield>
  <datafield tag="300" ind1=" " ind2=" ">
    <subfield code="a">viii,151</subfield>
  </datafield>
  <datafield tag="690" ind1=" " ind2=" ">
    <subfield code="a">Travel</subfield>
    <subfield code="9">196721</subfield>
  </datafield>
  <datafield tag="906" ind1=" " ind2=" ">
    <subfield code="a">065231</subfield>
  </datafield>
  <datafield tag="942" ind1=" " ind2=" ">
    <subfield code="2">ddc</subfield>
    <subfield code="c">BK</subfield>
  </datafield>
  <datafield tag="999" ind1=" " ind2=" ">
    <subfield code="c">142646</subfield>
    <subfield code="d">142646</subfield>
  </datafield>
  <datafield tag="952" ind1=" " ind2=" ">
    <subfield code="0">0</subfield>
    <subfield code="1">0</subfield>
    <subfield code="2">ddc</subfield>
    <subfield code="4">0</subfield>
    <subfield code="7">0</subfield>
    <subfield code="8">OTH</subfield>
    <subfield code="a">AL</subfield>
    <subfield code="b">AL</subfield>
    <subfield code="d">2021-02-17</subfield>
    <subfield code="e">Athree Book Centre Balmatta, Mangalore-01</subfield>
    <subfield code="g">100.00</subfield>
    <subfield code="l">0</subfield>
    <subfield code="o">919.404K TRID</subfield>
    <subfield code="p">065231</subfield>
    <subfield code="r">2021-02-17 00:00:00</subfield>
    <subfield code="w">2021-02-17</subfield>
    <subfield code="y">BK</subfield>
  </datafield>
</record>
